Statistics for Top 50 baby girl names 2014

Click here to take the quiz!

General Stats

  • This quiz has been taken 641 times
  • The average score is 22 of 50

Answer Stats

HintAnswer% Correct
2Emma
86%
9Emily
83%
3Olivia
83%
1Sophia
80%
4Ava
77%
44Elizabeth
75%
5Isabella
74%
42Sarah
71%
13Charlotte
70%
37Anna
68%
12Chloe
67%
26Hannah
67%
20Ella
66%
6Mia
66%
36Grace
65%
21Amelia
63%
8Lily
62%
11Madison
60%
16Abigail
55%
50Victoria
55%
7Zoe
53%
28Evelyn
46%
29Addison
45%
39Natalie
45%
19Harper
43%
15Avery
41%
17Kaylee
38%
38Isabelle
36%
32Ellie
34%
45Leah
32%
24Aria
30%
49Claire
30%
25Hailey
30%
23Riley
27%
35Scarlett
26%
14Aubrey
25%
33Brooklyn
25%
34Nora
25%
43Audrey
24%
18Layla
24%
46Annabella
23%
22Arianna
22%
41Lillian
22%
47Kylie
20%
48Mila
20%
30Mackenzie
15%
27Aaliyah
14%
10Madelyn
10%
40Kaitlyn
7%
31Adalyn
4%

Score Distribution

Percentile by Number Answered

Percent of People with Each Score

Your Score History

You have not taken this quiz